01958nam a2200313 a 4500001001500000003000400015005001700019008004100036020002700077020003000104040000600134050001300140082002700153100002500180245006100205260003700266300002100303520084700324650002801171650002201199650001301221650002201234650004301256856008201299942001201381999001701393952011701410952011701527ASIN8182746167OSt20170105102905.0131022s2012 xxu eng d a8182746167 (hardcover) a9788182746169 (hardcover) a004aUA853.P304a355.03305491bHAS 20121 aHasnat, Syed Farooq.10aGlobal security watch :bPakistan /cSyed Farooq Hasnat. a[S.l.] :bPentagon Press,c2012. a222 p. ;c25 cm. aIn recent years Pakistan has emerged as a major security concern for the United States. The acts of terrorism that originate in Pakistan and its culture of extremism cause serious apprehension for the international community as well. Pakistan's ability to combat extremism within its borders and its policy towards Afghanistan will also play a large role in determining the success of U.S. military actions in Afghanistan. This volume will be the first to deal with a variety of emerging security issues of the country and their regional and international implications. This volume examines the issues of utmost importance for Pakistan's stability and strategic balance, and explains their significance from the global perspective. Each chapter in this book addresses specific security challenges of Pakistan, both domestic and international. 0aInternational relations 0aNational security 0aPakistan 0aPolitical science 0aStrategic aspects of individual places403Amazon.comuhttp://www.amazon.com/exec/obidos/ASIN/8182746167/chopaconline-20 2ddccBK c14847d14847 001040708NFICaCIPSbCIPScGENd2013-10-02l0o355.03305491 HAS 2012pCIPS0001834r2013-10-22w2013-10-22yBK 001040708NFICaCIPSbCIPScGENd2016-03-15l0o355.03305491 HAS 2012pCIPS0002784r2016-03-15w2016-03-15yBK